| 000 | 00351nam a22001457a 4500 | ||
|---|---|---|---|
| 003 | SGT | ||
| 020 | _a9789354654916 | ||
| 082 |
_a610 _bC22B |
||
| 100 | _aBoloor, Archith | ||
| 245 | _aComprehensive Medicine for Dental Students | ||
| 260 |
_aNew Delhi, India _bJaypee Publishers _c2022 |
||
| 300 | _a598 | ||
| 650 | _aMedicine | ||
| 942 |
_2ddc _cBK _021 |
||
| 999 |
_c24891 _d24891 |
||